书目信息 |
| 题名: |
烟囱工程手册
|
|
| 作者: | 牛春良 主编 | |
| 分册: | ||
| 出版信息: | 北京 中国计划出版社 2004.07 |
|
| 页数: | 603页 | |
| 开本: | 27cm | |
| 丛书名: | ||
| 单 册: | ||
| 中图分类: | TU761.2-62 | |
| 科图分类: | 86.174 | |
| 主题词: | 烟囱--Yan Cong--工程施工--技术手册 | |
| 电子资源: | ||
| ISBN: | 7-80177-338-1 | |
| 000 | 00640nam0 2200217 450 | |
| 001 | CAL 012004144717 | |
| 005 | 20060529155438.53 | |
| 010 | @a7-80177-338-1@b精装@dCNY 78.00 | |
| 099 | @aCAL 012004144717 | |
| 100 | @a20041227d2004 em y0chiy0121 ea | |
| 101 | 0 | @achi |
| 102 | @aCN@b110000 | |
| 200 | 1 | @a烟囱工程手册@AYan Cong Gong Cheng Shou Ce@f牛春良主编 |
| 210 | @a北京@c中国计划出版社@d2004.07 | |
| 215 | @a603页@c图@d27cm | |
| 606 | 0 | @a烟囱@AYan Cong@x工程施工@j技术手册 |
| 690 | @aTU761.2-62@v4 | |
| 692 | @a86.174@v3 | |
| 701 | 0 | @a牛春良@ANiu Chun Liang@4主编 |
| 801 | 0 | @aCN@bDUTL@c20060529 |
| 905 | @a10447@dTU761.2-62@eN701 | |
| 烟囱工程手册/牛春良主编.-北京:中国计划出版社,2004.07 |
| 603页:图;27cm |
| ISBN 7-80177-338-1(精装):CNY 78.00 |
| ● |
| 相关链接 |
|
|
|
正题名:烟囱工程手册
索取号:TU761.2-62/N701
 
预约/预借
| 序号 | 登录号 | 条形码 | 馆藏地/架位号 | 状态 | 备注 |
| 1 | 602509 | 206025095 | 建筑库201/201建筑库 45排3列5层/ [索取号:TU761.2-62/N701] | 在馆 |